000 00567nam a2200193Ia 4500
003 OSt
005 20250610102918.0
008 210210b1987 xxu||||| |||| 00| 0 eng d
040 _cAL
041 _aKannada
082 _aK894.3 SUDS
100 _aSUDARSHANA DESAYI
_dಸುದರ್ಶನ ದೇಸಾಯಿ
_9213864
245 _aSurya chandra sakshi
_bಸೂರ್ಯ ಚಂದ್ರ ಸಾಕ್ಷಿ
260 _aBengaluru
_bBhagyalakshmi Prakashana
_c1987
300 _aiv,219
690 _aKannada Fiction
_9213865
906 _a040189
942 _2ddc
_cBK
999 _c89944
_d89944